| 000 | 00866aaa a2200241 a 4500 | ||
|---|---|---|---|
| 001 | 78688 | ||
| 003 | BD-RjUL | ||
| 005 | 20211209083148.0 | ||
| 008 | 211102s20001397ir ||||| |||| 001 p per d | ||
| 020 |
_a9644352254 _c: rial 20000 |
||
| 035 | _a(BD-RjUL)78914 | ||
| 040 |
_aBD-RjUL _beng _cBD-RjUL |
||
| 041 | _aper | ||
| 082 |
_223 _a891.551 _bRAA 1397]2000[ |
||
| 100 | 1 |
_aراستگو، محمد. = Rastgu, Seyyed Mohammad _9249555 |
|
| 245 |
_aايهام در شعر فارسي = Amphibology in Persian Poetry / _cمحمد راستگو = Seyyed Mohammad Rastgu |
||
| 260 |
_a Tihrān : _bسروش= Soroush press _c1379[2000] |
||
| 300 |
_a526 p. ; _c23 cm |
||
| 650 |
_aPersian poetry _v History and criticism. _9249556 |
||
| 650 |
_aFigures of speech in literature. _9249557 |
||
| 650 |
_aPersian language _vFigures of speech. _9249558 |
||
| 942 |
_2ddc _cBK |
||
| 999 |
_c78688 _d78688 |
||